| 000 | 00543nam a2200193Ia 4500 | ||
|---|---|---|---|
| 003 | IEPS | ||
| 005 | 20250703135321.0 | ||
| 008 | 250223s9999||||xx |||||||||||||| ||und|| | ||
| 020 | _a3988/9/2009 | ||
| 040 | _CIEPS | ||
| 041 | _aara | ||
| 082 | _a658.4 | ||
| 100 | _aالسكارنة بلال خلف | ||
| 245 | 0 | _aالتخطيط الاستراتيجي | |
| 245 | 0 | _bStrategic planning | |
| 260 |
_aعمان _bدار المسيرة للنشر و التوزيع و الطباعة _c2010 |
||
| 300 |
_a422 ص. _c24 سم. |
||
| 942 | _cكتاب | ||
| 999 |
_c13448 _d13448 |
||